000 00336nam a2200133Ia 4500
008 210312s9999||||xx |||||||||||||| ||und||
041 _aosm
050 _aPL234
050 _bK755.A17
100 _aKuddusi Ahmed
245 0 _aDivan-ı Hazret-i Kuddusi
260 _c1325
650 _aEdebiyat--Türk edebiyatı--Divan edebiyatı--Şiir
999 _c22228
_d22228